000 00276nam a22001217a 4500
008 181224b xxu||||| |||| 00| 0 eng d
041 _aeng
080 _a821
100 _a24
101 _aGJU
245 _aReading To Laern In The Contest
_cJudy.S.S
942 _2udc
_cBK
999 _c53714
_d53714